NBA 2010s All-Stars by Team - Statistics

General Stats
  • This quiz has been taken 1,127 times
  • The average score is 27 of 30
Answer Stats
Team Players % Correct
76ers Allen Iverson | Andre Iguodala | Jrue Holiday | Joel Embiid | Ben Simmons
100%
Bucks Giannis Antetokounmpo | Khris Middleton
99%
Cavaliers LeBron James | Kyrie Irving | Kevin Love
99%
Celtics Kevin Garnett | Rajon Rondo | Paul Pierce | Ray Allen | Isaiah Thomas | Kyrie Irving | Al Horford
98%
Clippers Chris Kaman | Blake Griffin | Chris Paul | DeAndre Jordan
97%
Bulls Derrick Rose | Luol Deng | Joakim Noah | Pau Gasol | Jimmy Butler
97%
Heat Dwyane Wade | LeBron James | Chris Bosh | Goran Dragic
97%
Lakers Kobe Bryant | Pau Gasol | Andrew Bynum | Dwight Howard | LeBron James
95%
Grizzlies Zach Randolph | Marc Gasol
95%
Mavericks Jason Kidd | Dirk Nowitzki
94%
Nuggets Carmelo Anthony | Chauncey Billups | Nikola Jokic
93%
Raptors Chris Bosh | DeMar DeRozan | Kyle Lowry | Kawhi Leonard
92%
Pelicans Chris Paul | Anthony Davis | DeMarcus Cousins
92%
Knicks David Lee | Amar'e Stoudemire | Carmelo Anthony | Tyson Chandler | Kristaps Porzingis
92%
Thunder Kevin Durant | Russell Westbrook | Paul George
92%
Spurs Tim Duncan | Manu Ginobili | Tony Parker | Kawhi Leonard | LaMarcus Aldridge
92%
Rockets Yao Ming | James Harden | Dwight Howard
92%
Trail Blazers Brandon Roy | LaMarcus Aldridge | Damian Lillard
91%
Warriors David Lee | Stephen Curry | Klay Thompson | Draymond Green | Kevin Durant
91%
Hornets Gerald Wallace | Kemba Walker
91%
Magic Dwight Howard | Nikola Vucevic
90%
Wizards John Wall | Bradley Beal
90%
Pacers Roy Hibbert | Paul George | Victor Oladipo
89%
Timberwolves Kevin Love | Karl-Anthony Towns | Jimmy Butler
88%
Hawks Joe Johnson | Al Horford | Paul Millsap | Jeff Teague | Kyle Korver
86%
Suns Steve Nash | Amar'e Stoudemire
86%
Nets Deron Williams | Brook Lopez | Joe Johnson | D'Angelo Russell
82%
Pistons Andre Drummond | Blake Griffin
81%
Kings DeMarcus Cousins
79%
Jazz Deron Williams | Gordon Hayward
70%
No matching quizzes found
Score Distribution
Percent of People with Each Score
Percentile by Number Answered
Your Score History
You have not taken this quiz